000 00989nam a2200229 a 4500
001 52580
003 BD-RjUL
005 20211209075830.0
008 160922s1987 bg ||||| |||| 00| 0 ben d
020 _c: Tk. 100.00
035 _a(BD-RjUL)52700
040 _aBD-RjUL
_bben
_cBD-RjUL
041 _aben
082 _223
_a891.209
_bSAS 1987
100 1 _aসমাজদার, মণীন্দ্রনাথ
_9157213
245 1 0 _aসংস্কৃত- প্রাকৃত-অবহটঠ সাহিত্যের ইতিবৃত্ত /
_cমণীন্দ্রনাথ সমাজদার
260 _aঢাকা :
_bবাংলা একাডেমী,
_c১৯৮৭
300 _a[পঁয়ত্রিশ], ৩৩০ পৃ. ;
_c২১ সেমি.
650 _aসংস্কৃত সাহিত্য
_vইতিহাস ও সমালোচনা
_9137997
650 _aSanskrit Literature
_vHistory and Criticism
_9137998
942 _2ddc
_cBK
999 _c52580
_d52580